000 00993nam a2200277 a 4500
001 000006487
005 20250722094847.0
008 090831s2004 dr 000 0 spa d
020 _a9993479136
040 _aDO-SdBNP
_bspa
_cBNPHU
082 _a323.445
_bR696e
100 1 _aRodríguez, Namphi
_917970
245 1 0 _aElementos de derecho de la información /
_cNamphi Rodríguez ; prólogo Rafael Molina Morillo ; edición Nilda Peña.
260 _aSanto Domingo :
_bBúho,
_c2004.
300 _a231 p. ;
_c22 cm.
490 1 _aPrensa y Derecho ;
500 _aIncluye datos biográficos del autor en la contracubierta.
504 _aBibliografía : p. 227-231.
590 _aInventariado, 2018/BT
650 4 _aDerecho a la informacion
_917971
650 0 _aAcceso a la información
_917972
700 1 2 _aMolina Morillo, Rafael,
_d1930-1917
_epról.
_937
700 1 2 _aPeña Nilda,
_eed.
_917973
830 0 _aPrensa y Derecho ;
_917974
910 _aValidado. Control de calidad. EMS
999 _c6278
_d6278